Disney World Shows - Statistics

General Stats
  • This quiz has been taken 39 times
  • The average score is 11 of 22
Answer Stats
Hint Answer % Correct
Frontireland Country Bear Musical Jamboree
100%
Adventureland Walt Disney's Enchanted Tiki Room
96%
Liberty Square The Hall of Presidents
92%
Tomorrowland Walt Disney's Carousel of Progress
85%
Echo Lake Indiana Jones Epic Stunt Spectacular!
73%
Fantasyland Mickey's PhilharMagic
73%
Tomorrowland Monsters, Inc. Laugh Floor
73%
World Showcase Beauty and the Beast Sing-Along
62%
Africa Festival of the Lion King
58%
Fantasyland Enchanted Tales with Belle
46%
Discovery River Finding Nemo: The Big Blue... and Beyond
42%
World Nature Turtle Talk with Crush
42%
World Showcase Canada Far and Wide in Circle-Vison 360
38%
World Showcase The American Adventure
38%
Grand Avenue Muppet*Vision 3D
35%
World Showcase Reflections of China
35%
Asia Feathered Friends in Flight
27%
World Nature Awesome Planet
23%
Echo Lake For the First Time in Forever: A Frozen Sing-Along Celebration
23%
Echo Lake Vacation Fun
15%
World Celebration Disney and Pixar Short Film Festival
12%
Animation Courtyard Walt Disney Presents
8%
No matching quizzes found
Score Distribution
Percent of People with Each Score
Percentile by Number Answered
Your Score History
You have not taken this quiz